<?xml version="1.0" encoding="UTF-8"?>
<collection xmlns="http://www.loc.gov/MARC21/slim">
 <record>
  <leader>00957nma a2200205 a 4500</leader>
  <controlfield tag="001">1/33156</controlfield>
  <controlfield tag="008">041203t2002    enk    g   ia       ita  </controlfield>
  <datafield tag="035" ind1=" " ind2=" ">
   <subfield code="l">35564</subfield>
  </datafield>
  <datafield tag="040" ind1=" " ind2=" ">
   <subfield code="a">GR-PeUP</subfield>
  </datafield>
  <datafield tag="082" ind1="0" ind2="0">
   <subfield code="a">CD-ROM 458.3421 ΜΑΘ</subfield>
  </datafield>
  <datafield tag="245" ind1="0" ind2="0">
   <subfield code="a">Μάθετε ιταλικά :</subfield>
   <subfield code="h">[interactive multimedia] :</subfield>
   <subfield code="b">world talk μεσαίο επίπεδο.</subfield>
  </datafield>
  <datafield tag="260" ind1="0" ind2=" ">
   <subfield code="a">[London] :</subfield>
   <subfield code="b">EuroTalk,</subfield>
   <subfield code="c">2002.</subfield>
  </datafield>
  <datafield tag="300" ind1=" " ind2=" ">
   <subfield code="a">1 οπτικό δίσκο :</subfield>
   <subfield code="b">εγχρ. ;</subfield>
   <subfield code="c">4/3 in.</subfield>
  </datafield>
  <datafield tag="520" ind1=" " ind2=" ">
   <subfield code="a">Μεσαίο επίπεδο για όλες τις ηλικίες.</subfield>
  </datafield>
  <datafield tag="538" ind1=" " ind2=" ">
   <subfield code="a">Απαιτήσεις συστήματος: Windows 98/Me/ XP.</subfield>
  </datafield>
  <datafield tag="650" ind1=" " ind2="4">
   <subfield code="a">CD-ROMs.</subfield>
  </datafield>
  <datafield tag="650" ind1=" " ind2="4">
   <subfield code="a">Italian language</subfield>
   <subfield code="x">Study and teaching</subfield>
   <subfield code="v">Interactive multimedia.</subfield>
  </datafield>
  <datafield tag="650" ind1=" " ind2="4">
   <subfield code="a">Ιταλικά</subfield>
   <subfield code="x">Σπουδή και διδασκαλία</subfield>
   <subfield code="v">Πολυμέσα.</subfield>
  </datafield>
  <datafield tag="650" ind1=" " ind2="4">
   <subfield code="a">Italian language</subfield>
   <subfield code="x">Self-instruction.</subfield>
  </datafield>
  <datafield tag="852" ind1=" " ind2=" ">
   <subfield code="a">INST</subfield>
   <subfield code="b">UNIPILB</subfield>
   <subfield code="c">MMEDIA</subfield>
   <subfield code="e">20070824</subfield>
   <subfield code="h">CD-ROM 458.3421 ΜΑΘ</subfield>
   <subfield code="p">00153227</subfield>
   <subfield code="q">00153227</subfield>
   <subfield code="t">NOLOAN</subfield>
   <subfield code="y">23</subfield>
   <subfield code="4">1</subfield>
  </datafield>
 </record>
</collection>
